Communes du Cher - Statistiques

Statistiques générales
  • Ce quiz a été pris 152 fois
  • Le résultat moyen est 41 sur 286
Statistiques - réponses
Pop. Communes % Correct
63702 Bourges
97%
25348 Vierzon
87%
1329 Sancerre
76%
9459 Saint-Amand-Montrond
66%
9645 Saint-Doulchard
66%
4924 Saint-Germain-du-Puy
53%
5476 Aubigny-sur-Nère
50%
6419 Saint-Florent-sur-Cher
50%
1938 Fussy
47%
6448 Mehun-sur-Yèvre
45%
2833 Avord
42%
1706 Henrichemont
42%
1872 Les Aix-D'angillon
39%
3572 Dun-sur-Auron
37%
2069 Foëcy
37%
1394 Châteauneuf-sur-Cher
34%
1371 Levet
34%
632 Sancergues
34%
4005 Trouy
34%
1703 Châteaumeillant
32%
3692 La Chapelle-Saint-Ursin
32%
1341 Lignières
32%
1905 Marmagne
32%
787 Nançay
32%
1430 Nérondes
32%
2057 Argent-sur-Sauldre
29%
1614 Menetou-Salon
29%
2108 Plaimpied-Givaudins
29%
2505 Saint-Martin-d(Auxigny
29%
2930 Sancoins
29%
1625 Baugy
26%
462 Gron
26%
611 La Chapelle-D'angillon
26%
979 Le Subdray
26%
650 Saint-Just
26%
1403 Saint-Satur
26%
734 Savigny-en-Septaine
26%
1111 Allogny
24%
566 Bruère-Allichamps
24%
1117 Sainte-Solange
24%
2095 Vignoux-sur-Barangeon
24%
990 Belleville-sur-Loire
21%
1005 Blancafort
21%
205 Jussy-Champagne
21%
1348 Massay
21%
661 Meillant
21%
427 Morogues
21%
1691 Orval
21%
650 Bengy-sur-Craon
18%
1168 Berry-Bouy
18%
563 Blet
18%
1011 Brécy
18%
314 Bué
18%
912 Chârost
18%
395 Crosses
18%
661 Lury-sur-Arnon
18%
1101 Neuvy-sur-Barangeon
18%
981 Pigny
18%
824 Quincy
18%
975 Rians
18%
1558 Saint-Éloy-de-Gy
18%
461 Soulangis
18%
648 Vailly-sur-Sauldre
18%
586 Vornay
18%
450 Azy
16%
603 Beffes
16%
524 Brinay
16%
402 Cerbois
16%
411 Étréchy
16%
1307 Graçay
16%
962 Herry
16%
502 Jars
16%
1558 Lunery
16%
371 Menetou-Couture
16%
2644 Méreau
16%
790 Morthomiers
16%
850 Moulins-sur-Yèvre
16%
267 Osmoy
16%
539 Plou
16%
456 Preuilly
16%
186 Sagonne
16%
768 Saint-Caprais
16%
708 Saint-Georges-sur-Moulon
16%
642 Saint-Germain-des-Bois
16%
402 Sens-Beaujeu
16%
618 Veaugues
16%
452 Villequiers
16%
587 Vouzeron
16%
348 Achères
13%
1079 Allouis
13%
245 Annoix
13%
299 Arpheuilles
13%
146 Assigny
13%
339 Barlieu
13%
353 Bussy
13%
1014 Charenton-du-Cher
13%
235 Chassy
13%
370 Couy
13%
1004 Farges-en-Septaine
13%
329 Feux
13%
162 Flavigny
13%
220 Garigny
13%
781 Ivoy-le-Pré
13%
1308 Jouet-sur-l'Aubois
13%
223 Lapan
13%
1067 Léré
13%
168 Limeux
13%
649 Marseilles-lès-Aubigny
13%
646 Menetou-Râtel
13%
267 Neuvy-Deux-Clochers
13%
558 Nohant-en-Goût
13%
409 Parassy
13%
350 Précy
13%
174 Raymond
13%
167 Sainte-Montaine
13%
282 Saint-Loup-des-Chaumes
13%
1110 Savigny-en-Sancerre
13%
589 Soye-en-Septaine
13%
690 Sury-en-Vaux
13%
397 Thaumiers
13%
799 Venesmes
13%
314 Verdigny
13%
569 Villabon
13%
248 Vorly
13%
68 Apremont-sur-Allier
11%
487 Arçay
11%
403 Aubinges
11%
843 Bannay
11%
1377 Boulleret
11%
972 Brinon-sur-Sauldre
11%
391 Chalivoy-Milon
11%
245 Charly
11%
219 Chéry
11%
706 Clémon
11%
34 Contres
11%
240 Cornusse
11%
430 Crézancy-en-Sancerre
11%
144 Croisy
11%
771 Culan
11%
244 Dampierre-en-Graçay
11%
438 Épineuil-Le-Fleuriel
11%
254 Farges-Allichamps
11%
676 Genouilly
11%
291 Germigny-l'Exempt
11%
263 Grossouvre
11%
176 Ignol
11%
584 Jussy-le-Chaudrier
11%
337 La Celle
11%
132 La Chapelotte
11%
929 Le Châtelet
11%
225 Le Noyer
11%
227 Lissay-Lochy
11%
232 Maisonnais
11%
550 Méry-ès-Bois
11%
705 Méry-sur-Cher
11%
170 Mornay-Berry
11%
294 Nohant-en-Graçay
11%
667 Oizon
11%
608 Ourouer-les-Bourdelins
11%
481 Quantilly
11%
13 Saint-Céols
11%
475 Sainte-Thorette
11%
599 Saint-Georges-sur-la-Prée
11%
596 Saint-Hilaire-de-Court
11%
488 Saint-Hilaire-en-Lignières
11%
510 Saint-Laurent
11%
345 Saint-Léger-le-Petit
11%
617 Saint-Palais
11%
425 Santranges
11%
459 Senneçay
11%
295 Sidiailles
11%
337 Subligny
11%
655 Sury-près-Léré
11%
790 Torteron
11%
228 Touchay
11%
406 Uzay-le-Venon
11%
700 Vallenay
11%
1552 Vasselay
11%
139 Vereaux
11%
406 Villeneuve-sur-Cher
11%
292 Vinon
11%
284 Augy-sur-Aubois
8%
259 Bannegon
8%
296 Bessais-le-Fromental
8%
154 Chavannes
8%
909 Civray
8%
412 Colombiers
8%
200 Concressault
8%
1022 Cours-les-Barres
8%
444 Coust
8%
1019 Cuffy
8%
200 Dampierre-en-Crot
8%
549 Drevant
8%
208 Ennordres
8%
301 Givardon
8%
184 Humbligny
8%
219 Ineuil
8%
270 Jalognes
8%
193 La Celle-Condé
8%
383 La Chapelle-Hugon
8%
489 La Chapelle Montlinard
8%
486 Mareuil-sur-Arnon
8%
199 Ménétréol-sur-Sauldre
8%
109 Montlouis
8%
422 Mornay-sur-Allier
8%
249 Neuilly-en-Sancerre
8%
245 Orcenais
8%
518 Préveranges
8%
282 Saint-Denis-de-Palin
8%
406 Sainte-Gemme-en-Sancerrois
8%
439 Saint-Georges-de-Poisieux
8%
137 Saint-Hilaire-de-Gondilly
8%
217 Saint-Outrille
8%
283 Saint-Pierre-les-Bois
8%
664 Thénioux
8%
79 Thou
8%
213 Villegenon
8%
180 Ainay-le-Vieil
5%
274 Arcomps
5%
440 Argenvières
5%
104 Beddes
5%
296 Bouzais
5%
158 Chambon
5%
289 Charentonnay
5%
47 Chaumont
5%
86 Chaumoux-Marcilly
5%
33 Cogny
5%
199 Corquoy
5%
63 Crézançay-sur-Cher
5%
136 Faverdines
5%
125 Gardefort
5%
132 Groises
5%
278 Ids-Saint-Roch
5%
123 La Groutte
5%
94 Lantan
5%
192 La Perche
5%
266 Le Chautay
5%
151 Le Pondy
5%
298 Loye-sur-Arnon
5%
138 Lugny-Champagne
5%
305 Marçais
5%
302 Ménétréol-sous-Sancerre
5%
328 Montigny
5%
142 Neuvy-le-Barrois
5%
272 Osmery
5%
52 Parnay
5%
235 Presly
5%
207 Primelles
5%
229 Reigny
5%
202 Rezay
5%
76 Saint-Aignan-des-Noyers
5%
373 Saint-Ambroix
5%
276 Saint-Bouize
5%
160 Saint-Jeanvrin
5%
265 Saint-Maur
5%
739 Saint-Pierre-les-Étieux
5%
246 Saint-Priest-la-Marche
5%
435 Saint-Saturnin
5%
125 Saint-Vitte
5%
78 Saugy
5%
479 Saulzais-le-Potier
5%
67 Serruelles
5%
290 Sury-ès-Bois
5%
88 Tendron
5%
324 Thauvenay
5%
186 Vernais
5%
35 Verneuil
5%
547 Vesdun
5%
706 Vignoux-sous-les-Aix
5%
80 Villecelin
5%
201 Ardenais
3%
199 Couargues
3%
201 La Celette
3%
293 Morlac
3%
223 Neuilly-en-Dun
3%
227 Nozières
3%
215 Poisieux
3%
133 Saint-Symphorien
3%
59 Sévry
3%
94 St-Christophe-le-Chaudry
3%
782 Chezal-Benoîtt
0%
3162 La Guerche-sue-l'Aubois
0%
288 Lazencay
0%
252 Saint-Baudes
0%
299 Saint-Martin-des-Champs
0%
464 Saint-Micher-de-Volangis
0%
Aucun quiz correspondant
Distribution des résultats
% des personnes avec chaque résultat
Percentile par nombre de réponses
Votre historique - résultats
Vous n’avez pas pris ce quiz